000 00473nam a2200181Ia 4500
001 14739
005 20260306164936.0
008 260306t1973||||xx |||||||||||||| ||spa||
041 _aESP
082 _a516.6
_bW44
100 _aWellman, B. Leighton
_eAUT
245 0 _aGeometría descriptiva:
_bcompendio de geometría descriptiva para técnicos
260 _c1973
300 _a622 páginas :
_c21 cm.
650 _aGEN
654 _aCMA
942 _cLIB
_dJUS
_fJUS
_2ddc
_n
999 _c14739
_d14739